| 000 | 00486nam a2200181Ia 4500 | ||
|---|---|---|---|
| 001 | 20102 | ||
| 005 | 20260306172741.0 | ||
| 008 | 260306t2009||||xx |||||||||||||| ||spa|| | ||
| 041 | _aESP | ||
| 082 |
_a342.211 _bP77 |
||
| 100 |
_aDip, Ricardo _eAUT |
||
| 245 | 0 |
_aLos derechos humanos y el derecho natural: _bde como el hombre imago Dei se tornó imago hominis |
|
| 260 | _c2009 | ||
| 300 |
_a155 páginas : _c18cm. |
||
| 650 | _aGEN | ||
| 654 | _aCDE | ||
| 942 |
_cLIB _dJUS _fJUS _2ddc _n |
||
| 999 |
_c20102 _d20102 |
||